Officivm hebdomadae sanctae, cvm psalmis, et lectionibvs (Record no. 4222)

MARC details
000 -CABECERA
campo de control de longitud fija 00936nam a2200265 a 4500
001 - NÚMERO DE CONTROL
campo de control BRCA_4516
003 - IDENTIFICADOR DEL NÚMERO DE CONTROL
campo de control FranzMayer
005 - FECHA Y HORA DE LA ÚLTIMA TRANSACCIÓN
campo de control 20230811145448.0
008 - DATOS DE LONGITUD FIJA--INFORMACIÓN GENERAL
campo de control de longitud fija 200910s1702----sp-a######---#000-0#lat-#
040 ## - FUENTE DE LA CATALOGACIÓN
Centro catalogador/agencia de origen MFM
Lengua de catalogación esp
Centro/agencia transcriptor MFM
041 ## - CÓDIGO DE LENGUA
Código de lengua del texto/banda sonora o título independiente lat
044 ## - CÓDIGO DEL PAÍS DE LA ENTIDAD EDITORA/PRODUCTORA
Código MARC del país sp
050 #4 - SIGNATURA TOPOGRÁFICA DE LA BIBLIOTECA DEL CONGRESO
Número de clasificación ML3000
Número de documento/Ítem .O34 1702 (DD3).
245 10 - MENCIÓN DE TÍTULO
Título Officivm hebdomadae sanctae, cvm psalmis, et lectionibvs
Resto del título fecundum miffale & breviarium romanum, pij. V Pontif. Max. iuffu editum & Cementis VIII. & Vrbani VIII. authoritate recognitum sum cantv Toletano.
260 ## - PUBLICACIÓN, DISTRIBUCIÓN, ETC.
Lugar de publicación, distribución, etc. Toledo
Nombre del editor, distribuidor, etc. Matriti
Fecha de publicación, distribución, etc. 1702
300 ## - DESCRIPCIÓN FÍSICA
Extensión 252, cxlxij p.
Otras características físicas il.
Dimensiones 34 cm.
500 ## - NOTA GENERAL
Nota general Estado físico: libro deteriorado, falta broche inferior
500 ## - NOTA GENERAL
Nota general DD3
500 ## - NOTA GENERAL
Nota general También aparece con el nombre de LM43
546 ## - NOTA DE LENGUA/LENGUAJE
Nota de lengua/lenguaje Texto en latín
650 14 - PUNTO DE ACCESO ADICIONAL DE MATERIA--TÉRMINO DE MATERIA
Término de materia o nombre geográfico como elemento de entrada Música sacra
Subdivisión cronológica Siglo XVIII
Subdivisión geográfica España
9 (RLIN) 11438
650 14 - PUNTO DE ACCESO ADICIONAL DE MATERIA--TÉRMINO DE MATERIA
Término de materia o nombre geográfico como elemento de entrada Música impresa
Subdivisión cronológica Siglo XVIII
Subdivisión geográfica España
9 (RLIN) 11439
902 ## - CATALOGADOR
Iniciales GFM
942 ## - ELEMENTOS DE PUNTO DE ACCESO ADICIONAL (KOHA)
Fuente del sistema de clasificación o colocación Library of Congress Classification
Tipo de ítem Koha Libros
Holdings
Estado de retiro Estado de pérdida Fuente del sistema de clasificación o colocación Estado dañado No para préstamo Código de colección Localización permanente Ubicación/localización actual Fecha de adquisición Total de préstamos Signatura topográfica completa Código de barras Fecha visto por última vez Precio válido a partir de Tipo de ítem Koha
El ejemplar forma parte de la colección y puede ser consultado según las políticas vigentes.   Library of Congress Classification     Libros Antiguos y Raros Biblioteca del Museo Franz Mayer (Rogerio Casas-Alatriste) Biblioteca del Museo Franz Mayer (Rogerio Casas-Alatriste) 20/09/2010   LM43 O34 1702 (DD3). LAR00200 08/09/2023 08/09/2023 Libros